<?xml version="1.0" encoding="UTF-8"?>
<record
    xmlns:xsi="http://www.w3.org/2001/XMLSchema-instance"
    xsi:schemaLocation="http://www.loc.gov/MARC21/slim http://www.loc.gov/standards/marcxml/schema/MARC21slim.xsd"
    xmlns="http://www.loc.gov/MARC21/slim">

  <leader>03478nam a2200337 a 4500</leader>
  <controlfield tag="003">OSt</controlfield>
  <controlfield tag="005">20250819091704.0</controlfield>
  <controlfield tag="007">cr ||||||a|a|a</controlfield>
  <controlfield tag="008">250808s2025    mx a|||fom||| 001 0 spa d</controlfield>
  <datafield tag="040" ind1=" " ind2=" ">
    <subfield code="e">rda</subfield>
  </datafield>
  <datafield tag="100" ind1="1" ind2=" ">
    <subfield code="a">Cruz Flores, Erika</subfield>
    <subfield code="9">190834</subfield>
  </datafield>
  <datafield tag="245" ind1="1" ind2="0">
    <subfield code="a">Prueba de antigenicidad para vacuna de la enfermedad hemorr&#xE1;gica viral de los conejos serotipo 2 (RHDV2) /</subfield>
    <subfield code="c">por Erika Cruz Flores; director de tesis Mar&#xED;a Beatriz Mendoza &#xC1;lvarez; secretario Jos&#xE9; Luis Echegaray Torres; vocal Fabian Maga&#xF1;a Valencia; suplente Raymundo Rodr&#xED;guez  de Lara; suplente Alfredo Casta&#xF1;eda Ram&#xED;rez.</subfield>
  </datafield>
  <datafield tag="264" ind1=" " ind2="1">
    <subfield code="a">Chapingo, M&#xE9;xico :</subfield>
    <subfield code="b">El autor,</subfield>
    <subfield code="c">2024.</subfield>
  </datafield>
  <datafield tag="300" ind1=" " ind2=" ">
    <subfield code="a">1 recurso en l&#xED;nea (59 p&#xE1;ginas):</subfield>
    <subfield code="b">cuadros, figuras.</subfield>
  </datafield>
  <datafield tag="336" ind1=" " ind2=" ">
    <subfield code="2">rdacontent</subfield>
    <subfield code="a">texto</subfield>
    <subfield code="b">txt</subfield>
  </datafield>
  <datafield tag="337" ind1=" " ind2=" ">
    <subfield code="2">rdamedia</subfield>
    <subfield code="a">computadora</subfield>
    <subfield code="b">c</subfield>
  </datafield>
  <datafield tag="338" ind1=" " ind2=" ">
    <subfield code="2">rdacarrier</subfield>
    <subfield code="a">recurso en l&#xED;nea</subfield>
    <subfield code="b">cr</subfield>
  </datafield>
  <datafield tag="502" ind1=" " ind2=" ">
    <subfield code="b">IAEZ</subfield>
    <subfield code="c">Zootecn&#xED;a</subfield>
    <subfield code="d">2024.</subfield>
    <subfield code="g">LIC</subfield>
  </datafield>
  <datafield tag="504" ind1=" " ind2=" ">
    <subfield code="a">Incluye referencias bibliogr&#xE1;ficas: p&#xE1;ginas 43-45.</subfield>
  </datafield>
  <datafield tag="520" ind1=" " ind2=" ">
    <subfield code="a">El objetivo de esta investigaci&#xF3;n fue evaluar la generaci&#xF3;n de anticuerpos de la vacuna producida en M&#xE9;xico, por lo cual, se analiz&#xF3; la v&#xED;a de administraci&#xF3;n y el n&#xFA;mero de dosis aplicadas sobre indicadores productivos. La investigaci&#xF3;n se desarroll&#xF3; con 36 animales divididos en 5 grupos de tratamiento completamente al azar; grupo 1: una dosis de la vacuna por v&#xED;a intramuscular (IM), grupo 2: dos dosis de la vacuna por v&#xED;a IM, grupo 3: una dosis de la vacuna por v&#xED;a subcut&#xE1;nea (SC), grupo 4: dos dosis de la vacuna por v&#xED;a SC y grupo 5: testigos sin vacunar. Se obtuvieron muestras de sangre de cada animal antes de ser inoculados (d&#xED;a 0) y a los 24 d&#xED;as posterior al primer muestreo de sangre. La segunda aplicaci&#xF3;n de la vacuna en los grupos de tratamiento seleccionados se administr&#xF3; el d&#xED;a 14 y la investigaci&#xF3;n finaliz&#xF3; el d&#xED;a 28. En los an&#xE1;lisis de laboratorio se realiz&#xF3; la titulaci&#xF3;n del ant&#xED;geno y la titulaci&#xF3;n de los sueros para cuantificar los anticuerpos generados mediante la prueba de inhibici&#xF3;n de la hemaglutinaci&#xF3;n. Los resultados se analizaron mediante el procedimiento GLM de SAS donde se consideraron las variables respuesta de titulaci&#xF3;n del suero y los par&#xE1;metros productivos, se realizaron contrastes ortogonales para la comparaci&#xF3;n entre grupos de tratamiento. El t&#xED;tulo de anticuerpos generados fue mayor en grupos vacunados con respecto al testigo, evidenciando que es mejor la aplicaci&#xF3;n del ant&#xED;geno, sin embargo, en las dos v&#xED;as de aplicaci&#xF3;n empeladas no hubo diferencia. El resultado favorable en cuanto al t&#xED;tulo de anticuerpos se present&#xF3; en el grupo con dos dosis aplicadas, siendo aceptado por la OIE con un t&#xED;tulo entre 80 y 640 UHA/mL. En los par&#xE1;metros productivos no hubo diferencia, el organismo del animal no se vio afectado por la inmunizaci&#xF3;n lo cual es favorable en la etapa de la engorda.</subfield>
  </datafield>
  <datafield tag="650" ind1=" " ind2="4">
    <subfield code="a">Conejos</subfield>
    <subfield code="x">Ant&#xED;genos y anticuerpos</subfield>
    <subfield code="9">191069</subfield>
  </datafield>
  <datafield tag="650" ind1=" " ind2="4">
    <subfield code="a">Conejos</subfield>
    <subfield code="x">Inmunolog&#xED;a</subfield>
    <subfield code="9">133722</subfield>
  </datafield>
  <datafield tag="650" ind1=" " ind2="4">
    <subfield code="a">Conejos</subfield>
    <subfield code="x">Enfermedades</subfield>
    <subfield code="9">26362</subfield>
  </datafield>
  <datafield tag="700" ind1="1" ind2=" ">
    <subfield code="a">Mendoza &#xC1;lvarez, Mar&#xED;a Beatriz</subfield>
    <subfield code="9">148601</subfield>
    <subfield code="4">director.</subfield>
  </datafield>
  <datafield tag="700" ind1="1" ind2=" ">
    <subfield code="a">Echegaray Torres, Jos&#xE9; Luis</subfield>
    <subfield code="9">35055</subfield>
    <subfield code="e">secretario.</subfield>
  </datafield>
  <datafield tag="700" ind1="1" ind2=" ">
    <subfield code="a">Maga&#xF1;a Valencia, Fabian</subfield>
    <subfield code="9">69814</subfield>
    <subfield code="e">vocal.</subfield>
  </datafield>
  <datafield tag="700" ind1="1" ind2=" ">
    <subfield code="a">Rodr&#xED;guez de Lara, Raymundo</subfield>
    <subfield code="9">98436</subfield>
    <subfield code="e">suplente.</subfield>
  </datafield>
  <datafield tag="700" ind1="1" ind2=" ">
    <subfield code="a">Casta&#xF1;eda Ram&#xED;rez, Alfredo</subfield>
    <subfield code="e">suplente.</subfield>
    <subfield code="9">188526</subfield>
  </datafield>
  <datafield tag="856" ind1=" " ind2=" ">
    <subfield code="u">http://10.13.5.2/tesis/tl/1710513-7_CRUZ_FLORES_ERIKA.pdf</subfield>
    <subfield code="z">DESCARGAR PDF</subfield>
  </datafield>
  <datafield tag="942" ind1=" " ind2=" ">
    <subfield code="2">Clasificaci&#xF3;n Universidad Aut&#xF3;noma Chapingo</subfield>
    <subfield code="c">TD</subfield>
  </datafield>
  <datafield tag="999" ind1=" " ind2=" ">
    <subfield code="c">220787</subfield>
    <subfield code="d">220787</subfield>
  </datafield>
  <datafield tag="952" ind1=" " ind2=" ">
    <subfield code="0">0</subfield>
    <subfield code="1">0</subfield>
    <subfield code="2">local</subfield>
    <subfield code="4">0</subfield>
    <subfield code="5">1</subfield>
    <subfield code="7">0</subfield>
    <subfield code="8">TesDigL</subfield>
    <subfield code="a">BD</subfield>
    <subfield code="b">BD</subfield>
    <subfield code="c">E_L</subfield>
    <subfield code="d">2025-08-08</subfield>
    <subfield code="l">0</subfield>
    <subfield code="o">Tesis digital</subfield>
    <subfield code="r">2025-08-08 14:18:43</subfield>
    <subfield code="w">2025-08-08</subfield>
    <subfield code="y">TD</subfield>
  </datafield>
</record>
